000 01253nam a2200217Ia 4500
003 Ost
005 20260416102355.0
008 260416s9999||||xx |||||||||||||| ||und||
040 _cfsecg
041 _aara
082 _a338.5
100 _aسكر، فاطمة الزهراء
_eمؤلف
245 0 _aمحاضرات في الإقتصاد الجزئي /
_c فاطمة الزهراء سكر
260 _aالجزائر
_bجامعة الجزائر3: كلية العلوم الإقتصادية، العلوم التجارية وعلوم التسيير
_c2019
300 _a131 ورقة
_bايضاحات
_c30 سم
504 _aمراجع ص.130
520 _aنظرة عامة في الاقتصاد و المشكلة الاقتصادية و التطرق الى نظرية الطلب و العرض و قياس المرونات و توازن السوق و تطبيقاته و كذا نظرية سلوك المستهلك و نظرية سلوك المنتج مع وجود تمارين محلولة في نهاية كل فصل.
653 _aالاقتصاد الجزئي
710 _aجامعة الجزائر3: كلية العلوم الإقتصادية، العلوم التجارية وعلوم التسيير
_eناشر علمي
942 _cHANDOUT
999 _c41188
_d41188